|
|
|
|
| LEADER |
00000naa2a2200000 4500 |
| 001 |
97885 |
| 005 |
20231031111129.0 |
| 035 |
|
|
|a (RuTPU)RU\TPU\book\104923
|
| 090 |
|
|
|a 97885
|
| 100 |
|
|
|a 20060606d2005 k y0rusy50 ca
|
| 101 |
0 |
|
|a rus
|
| 102 |
|
|
|a RU
|
| 200 |
1 |
|
|a Влияние условий запечки и старения на величину внутренних механических напряжений в пропиточных лаках
|f А. Н. Дудкин, В. С. Ким, С. С. Марьин
|
| 320 |
|
|
|a Библиогр.: 3 назв.
|
| 463 |
|
0 |
|0 (RuTPU)RU\TPU\book\70271
|t Электромеханические преобразователи энергии
|o материалы Международной научно-технической конференции, 20-22 октября, 2005, г. Томск
|f Администрация Томской области; Томский политехнический университет; сост. С. В. Ланграф
|v С. 384-386.
|d 2005
|p 440 с.
|
| 610 |
1 |
|
|a пропиточные лаки
|
| 610 |
1 |
|
|a напряжения
|
| 610 |
1 |
|
|a изоляционные материалы
|
| 610 |
1 |
|
|a изоляция
|
| 610 |
1 |
|
|a эмаль провода
|
| 610 |
1 |
|
|a механические напряжения
|
| 610 |
1 |
|
|a внутренние напряжения
|
| 610 |
1 |
|
|a полимерные материалы
|
| 610 |
1 |
|
|a провода
|
| 610 |
1 |
|
|a труды учёных ТПУ
|
| 700 |
|
1 |
|a Дудкин
|b А. Н.
|c специалист в области электромеханических комплексов и материалов
|c доцент Томского политехнического университета
|c кандидат технических наук
|f 1945-
|g Анатолий Николаевич
|2 stltpush
|3 (RuTPU)RU\TPU\pers\27811
|
| 701 |
|
1 |
|a Ким
|b В. С.
|c специалист в области электротехники
|c доцент Томского политехнического университета, кандидат физико-математических наук
|f 1962-
|g Владимир Сергеевич
|2 stltpush
|3 (RuTPU)RU\TPU\pers\25673
|
| 701 |
|
1 |
|a Марьин
|b С. С.
|
| 801 |
|
1 |
|a RU
|b 63413507
|c 20060606
|g PSBO
|
| 801 |
|
2 |
|a RU
|b 63413507
|c 20121220
|g PSBO
|
| 942 |
|
|
|c BK
|